000
00324nam a2200133Ia 4500
008
150201s2009 xx 000 0 und d
082
_a
611
_b
E09T
100
_a
TONDON,BK
245
_a
ESSENTIALS OF HUMAN ANATOMY
250
_a
2ND
260
_b
JAYPEE BROTHERS
_a
DELHI
_c
2009
650
_a
HUMAN ANATOMY
942
_2
ddc
_c
BK
_0
6
999
_c
1006
_d
1006